[Event "RSA-ch U16"]
[Site "Waterkloof"]
[Date "2015.04.04"]
[Round "1"]
[White "Botes, Ettienne"]
[Black "Grimmbacher, Andrew"]
[Result "0-1"]
[WhiteElo "1410"]
[BlackElo "1639"]
[PlyCount "102"]
[EventDate "2015.04.04"]
[EventType "swiss"]
[EventRounds "9"]
[EventCountry "RSA"]
[SourceTitle "CBM 166 Extra"]
[Source "ChessBase"]
[SourceDate "2015.06.18"]
[SourceVersion "1"]
[SourceVersionDate "2015.06.18"]
[SourceQuality "1"]

1. e4 c6 2. Nc3 d5 3. exd5 cxd5 4. Bb5+ Nc6 5. d4 Nf6 6. Nge2 Bf5 7. 0-0 e6 8. Re1 Bd6 9. Nf4 0-0 10. Nce2 Qc7 11. Bxc6 bxc6 12. h3 Rfe8 13. c3 Nd7 14. Nh5 Rab8 15. Neg3 g6 16. Nxf5 exf5 17. Ng3 Bxg3 18. fxg3 Qxg3 19. Rf1 Re4 20. Qc2 Rbe8 21. Qf2 Qxf2+ 22. Rxf2 Nf6 23. Bg5 Nh5 24. Kh2 f6 25. Bh6 R8e6 26. Rg1 f4 27. h4 f3 28. g4 Re2 29. Rgf1 Ng7 30. Kg3 Ne8 31. g5 f5 32. Kxf3 R2e3+ 33. Kg2 Nd6 34. Rf3 R3e4 35. Rf4 Nc4 36. Rxe4 Rxe4 37. Kg3 Nd2 38. Rf2 Rg4+ 39. Kh3 Ne4 40. Rg2 Rf4 41. h5 Rf3+ 42. Kh4 Nf2 43. Rh2 f4 44. hxg6 hxg6 45. b3 Nd3 46. Kg4 Rg3+ 47. Kh4 Re3 48. c4 f3 49. Rh3 Re4+ 50. Kg3 f2 51. Kg2 Rg4+ 0-1

[Event "Wch U14"]
[Site "Durban"]
[Date "2014.09.23"]
[Round "5"]
[White "Grimmbacher, Andrew"]
[Black "Mouthuy, Jacky Long"]
[Result "1-0"]
[WhiteElo "1625"]
[BlackElo "1374"]
[PlyCount "31"]
[EventDate "2014.09.20"]
[EventType "swiss"]
[EventRounds "11"]
[EventCountry "RSA"]
[SourceTitle "CBM 162 Extra"]
[Source "ChessBase"]
[SourceDate "2014.10.17"]
[SourceVersion "1"]
[SourceVersionDate "2014.10.17"]
[SourceQuality "1"]

1. e4 e5 2. Nf3 Nc6 3. Bb5 Nd4 4. Nxd4 exd4 5. 0-0 Bc5 6. d3 c6 7. Bc4 Ne7 8. Bxf7+ Kxf7 9. Qh5+ Ng6 10. Qxc5 Qb6 11. Qd6 c5 12. Qd5+ Ke8 13. Nd2 d6 14. Nc4 Qa6 15. Nxd6+ Kf8 16. Qf7# 1-0